Gentilés (Seine-et-Marne), zone urbanisée+noms intéressants - Statistiques

Statistiques générales
  • Ce quiz a été pris 17 fois
  • Le résultat moyen est 5 sur 226
Statistiques - réponses
Hint Réponse % Correct
Avon Avonnais
73%
Cesson Cessonnais
33%
Chelles Chellois
27%
Meaux Meldois
27%
Melun Melunais
27%
Champagne-sur-Seine Champenois
13%
Crécy-la-Chapelle Créçois
13%
Jablines (Thorigny) Jablinois
13%
Marles-en-Brie Marlois
13%
Mormant Mormantais
13%
Provins Provinois
13%
Fontainebleau Bellifontains
7%
Bussy-Saint-Georges Buxangeorgiens
7%
Chartrettes Chartrettois
7%
Courtry (entre Coubron et Vaujours, limite Seine-Saint-Denis) Courtrysiens
7%
Dammarie-les-Lys Dammariens
7%
La Ferté-Gaucher | La Ferté-sous-Jouarre Fertois
7%
Gretz-Armainvilliers Gretzois
7%
Jaulnes (Bray-sur-Seine, entre Montereau et Provins) Jaulnois
7%
Jouarre Jotranciens/Jotraciens
7%
Lésigny (entre Ozoir-la-Ferrière et Santeny, limite Val-de-Marne) Lésigniens
7%
Lieusaint Lieusaintais
7%
Longueville Longuevillois
7%
Marolles-en-Brie | Marolles-sur-Seine Marollais
7%
Le Mée-sur-Seine Méens
7%
Montévrain Montévrinois
7%
Nangis Nangissiens
7%
Nemours Nemouriens
7%
Perthes (Melun) Perthois
7%
Serris Serrissiens
7%
Saint-Soupplets (Meaux) | Souppes-sur-Loing Sulpiciens
7%
Saint-Fargeau-Ponthierry Thierrypontains/Féréopontains
7%
Torcy Torcéens
7%
Trilport Trilportais
7%
Vaires-sur-Marne Vairois
7%
Varennes-sur-Seine (Montereau) Varennois
7%
Villeparisis Villeparisiens
7%
Villevaudé Villevaudéens
7%
La Haute-Maison (entre Meaux et Coulommiers) Altimantissiens
0%
Saint-Ouen-en-Brie | Saint-Ouen-sur-Morin Audoniens
0%
Bois-le-Roi Baccots
0%
Balloy (près de Montereau) Balloyeux
0%
Bagneaux-sur-Loing Balnéolitains
0%
Saint-Barthélémy (Coulommiers) Barthéloméens
0%
Baby (nom original) Bédoins
0%
Bourron-Marlotte Bourronais-Marlottins
0%
Boutigny Boutignaciens
0%
Soisy-Bouy (Longueville) Bouyards
0%
Bransles (Dordives) Bransledais
0%
Brie-Comte-Robert Bricomtois
0%
Boissy-le-Châtel (Coulommiers) Buccéens
0%
Chailly-en-Brie (Coulommiers) Caibottins
0%
Chaumes-en-Brie Calmétiens
0%
Cannes-Écluse (Montereau) Cannois
0%
La Chapelle-Iger (entre Tournan et Nangis) Capelligérois
0%
La Chapelle-Moutils (La Ferté-Gaucher) Capellomoutillais
0%
La Chapelle-Rablais (Nangis) Capello-Rablaisiens
0%
La Chapelle-Saint-Sulpice (Provins) Capello-Sulpiciens
0%
Chessy Cassiassiens
0%
Châtenoy Castelnéociens
0%
Châtillon-la-Borde Castels-la-Bordiciens (fém. Castelles-la-Bordiciennes)
0%
La Celle-sur-Morin Cellois
0%
Chailly-en-Bière (Melun) Chaillotins
0%
Chalifert (Esbly) Chaliferois
0%
Champs-sur-Marne Champesois/Campésiens
0%
Changis-sur-Marne Changissiens
0%
Chanteloup-en-Brie (Val d'Europe) Chanteloupiens
0%
La Chapelle-la-Reine (Nemours) Chapelains
0%
La Chapelle-Gauthier (Melun) Chapellois
0%
Château-Landon Châteaulandonnais
0%
Le Châtelet-en-Brie (Héricy) Châtelains
0%
Chevry-Cossigny (Brie-Comte-Robert) Chevriards
0%
Chevry-en-Sereine (Montereau) Chevriots
0%
Chevru (Coulommiers) Chevrotins
0%
Choisy-en-Brie (Coulommiers) Choiséens
0%
Citry (Saâcy-sur-Marne) Citryats
0%
Claye-Souilly Clayois
0%
Collégien (Bussy-Saint-Georges) Collégeois
0%
Coulommiers Columérins
0%
Combs-la-Ville Combslavillais
0%
Compans Companais
0%
Coulommes (Crécy-la-Chapelle) Coulommois
0%
Crèvecœur-en-Brie (Tournan) Crépicordiens
0%
Croissy-Beaubourg (Lognes) Croisséens
0%
Crouy-sur-Ourcq Crouyciens
0%
La Croix-en-Brie (Nangis) Crucibriards
0%
Coupvray (Marne-la-Vallée) Cupressiens
0%
Dammartin-en-Goële | Dammartin-sur-Tigeaux (Mortcerf) Dammartinois
0%
Diant (Montereau, frontière Yonne) Darnios (fém. Darnioses)
0%
Dhuisy (Lizy-sur-Ourcq, frontière Aisne) Dhuiséens
0%
Saint-Denis-les-Rebais (Coulommiers) Dionysiens
0%
Douy-la-Ramée (Meaux, frontière Oise) Dolaraméens
0%
Doue (Coulommiers) Dovinsiens
0%
Émerainville Émerainvillois
0%
Esbly Esblygeois
0%
Montigny-le-Guesdier (Bray-sur-Seine, toponyme très particulier lié à l'histoire) Espagnols
0%
Évry-Grégy-sur-Yerre(s) (près de Sénart) Éveryciens
0%
Faremoutiers Faremoutais
0%
Fay-lès-Nemours Fayssiens
0%
Ferrières-en-Brie (Bussy-saint-Georges, ne pas confondre avec Ozoir-la-Ferrière) Ferrièrois
0%
Fresnes-sur-Marne (Mitry, Claye, ne pas confondre avec Fresnes (94)) Fresnois
0%
Gironville Gironvillois
0%
Grez-sur-Loing Grézois
0%
Grisy-sur-Seine (Provins) Grisons
0%
Grisy-Suisnes (Brie-Comte-Robert) Grisyssoliens
0%
Guérard Guérardais
0%
Héricy Héricéens
0%
Magny-le-Hongre (Marne-la-Vallée) Hongrémagniens
0%
La Houssaye-en-Brie (Marles-en-Brie) Hulsétiens
0%
Isles-les-Meldeuses (gare d'Isles-Armentières-Congis) Iléos-Meldois
0%
Isles-lès-Villenoy (Esbly) Insuvilets
0%
Jaignes (Lizy-sur-Ourcq) Jaignaciens
0%
Jossigny (Bussy-Saint-Georges) Jossignaciens
0%
Jouy-sur-Morin (La Ferté-Gaucher) Jouyssiens
0%
Jouy-le-Châtel (entre Coulommiers et Provins) Joviciens
0%
Juilly Juliaciens
0%
Jutigny (entre Provins et Bray-sur-Seine) Jutigniciens
0%
Lagny-sur-Marne Latignaciens/Laniaques (fém. identique)
0%
Saint-Léger (Coulommiers) Léodégariens
0%
Limoges-Fourches (Sénart) Limofuraciens
0%
Lizy-sur-Ourcq Lizéens
0%
Lognes Lognots
0%
Larchant (Nemours) Lyricantois
0%
La Madeleine-sur-Loing Magdaléniens
0%
May-en-Multien (Lizy-sur-Ourcq) Mahouyots
0%
Saint-Mammès Mammesiens
0%
Maison-Rouge (entre Nangis et Provins) Mansirubiens
0%
Saint-Mard Mardochiens
0%
Mauperthuis (Coulommiers) Mauperthuisiens
0%
Mauregard Mauregalois
0%
Le Mesnil-Amelot Mesnilois
0%
Montmachoux Michaomontois
0%
Mitry-Mory Mitryens
0%
Moissy-Cramayel (Sénart) Moisséens
0%
Montigny-Lencoup (Montereau) Montanussiens
0%
Montceaux-lès-Provins Montceldiens
0%
Montenils Montenilois
0%
Montereau-Fault-Yonne Monterelais
0%
Montry Montéricultois
0%
Montceaux-lès-Meaux Monticellois
0%
Montigny-sur-Loing Montignons
0%
Montereau-sur-le-Jard Montjarciens
0%
Mortcerf Moressartois
0%
Moret-sur-Loing Morétains
0%
Mouroux Mourousiens
0%
Moussy-le-Neuf (Roissy, ne pas confondre avec Mitry-le-Neuf qui fait partie de Villeparisis) Moussignols
0%
Moussy-le-Vieux Moussyssiens
0%
Nanteau-sur-Lunain Nantelliens
0%
Nanteau-sur-Essonne Nantessonnais
0%
Nanteuil-lès-Meaux | Nanteuil-sur-Marne Nanteuillais
0%
Nantouillet Nantolétains
0%
Neufmoutiers-en-Brie Neufmonastériens
0%
Noisy-sur-École (Fontainebleau, frontière Essonne) Noiséens
0%
Noisiel Noisieliens
0%
Noisy-Rudignon (Montereau) Noisy-Rudignonais
0%
Orly-sur-Morin (ne pas confondre avec Orly (94)) Orlysiens
0%
Ormesson (Nemours, ne pas confondre avec Ormesson-sur-Marne (94) Ormessonnais
0%
Othis (Roissy) Othissois
0%
Ozoir-la-Ferrière Ozoiriens/Ozophoriciens
0%
Ozouer-le-Voulgis (ou Ozouër-le-Voulgis, entre Tournan et Melun) Ozoueriens/Ozouëriens
0%
Paley (Nemours) Paleysiens
0%
Passy-sur-Seine (Bray-sur-Seine) Passitois
0%
Pécy Péciaquois
0%
Vaux-le-Pénil Pénivauxois
0%
Poincy (Meaux) Pépitois
0%
Pierre-Levée Pierre-Levéens
0%
Le Plessis-Feu-Aussoux (Coulommiers) Plessis-Ansoldiens
0%
Le Plessis-aux-Bois (Meaux) Plessisboisiens
0%
Le Plessis-l'Évêque (Meaux) Plessis-Êpiscopiens
0%
Pommeuse Pommeusiens
0%
Pontcarré (Roissy-en-Brie) Pontcarréens
0%
Pontault-Combault Pontellois-Combalusiens
0%
Fontaine-le-Port Portifontains
0%
Quiers Quierçois
0%
Quincy-Voisins Quincéens
0%
Boissise-le-Roi Régiboissiens
0%
Roissy-en-Brie (ne pas confondre avec Roissy-en-France où l'on trouve l'aéroport éponyme) Roisséens
0%
Bailly-Romainvilliers (près de Val d'Europe) Romainvillersois
0%
Rozay-en-Brie Rozéens
0%
Saâcy-sur-Marne Saâcéens
0%
Saint-Brice (Provins) Saint-Briçois
0%
Saint-Cyr-sur-Morin Saint-Cyriens
0%
Saint-Sauveur-lès-Bray | Saint-Sauveur-sur-École Saint-Salvatoriens
0%
Samoreau Samoréens
0%
Saint-Martin-en-Bière San-Martinois
0%
Savigny-le-Temple Savigniens
0%
Seine-Port (Saint-Fargeau) Seine-Portais
0%
Sept-Sorts (La Ferté-sous-Jouarre) Sept-Sortais
0%
Soignolles-en-Brie (Melun) Soignollais
0%
Tancrou (La Ferté-sous-Jouarre) Tancrétiens
0%
Saint-Thibault-des-Vignes (Torcy, Lagny-sur-Marne) Théobaldiens
0%
Thieux Théodosiens
0%
Thomery Thomeryons
0%
Thorigny-sur-Marne Thorigniens
0%
La Tombe (Montereau) Tombiers
0%
Tournan-en-Brie Tournanais
0%
Fontenay-Trésigny (Tournan) Trésifontains
0%
Trilbardou (Esbly) Triboulois
0%
Ury (Nemours) Uriquois
0%
Ussy-sur-Marne (La Ferté-sous-Jouarre) Ussois
0%
Valence-en-Brie (Thomery) Valençois
0%
Laval-en-Brie (Montereau) Valvirois
0%
Vaux-sur-Lunain Vaulxois
0%
Veneux-les-Sablons Veneusiens
0%
Vert-Saint-Denis (entre Cesson et Melun) Verdionysiens
0%
Verneuil-l'Étang (á côté de Tournan et non de Poissy) Verneuillais
0%
Villeneuve-le-Comte Vilcomtois
0%
Villeneuve-Saint-Denis Vildionysiens
0%
Villecerf Villecerfois
0%
Villemaréchal Villemarchais
0%
Villeneuve-sous-Dammartin Villeneuvois
0%
Ville-Saint-Jacques Ville-Saint-Jacquois
0%
Villiers-sur-Seine Villierots
0%
Voinsles Vincelais
0%
Vincy-Manœuvre Vincynois
0%
Voulangis Voulangeois
0%
Voulx Voulxois
0%
Vulaines-sur-Seine Vulainois
0%
Yèbles Yébuliens
0%
Aucun quiz correspondant
Distribution des résultats
% des personnes avec chaque résultat
Percentile par nombre de réponses
Votre historique - résultats
Vous n’avez pas pris ce quiz